| 000 | 01248nam a22004097a 4500 | ||
|---|---|---|---|
| 001 | 0065788 | ||
| 003 | KOHA_MİRAKIL | ||
| 005 | 20260207004613.0 | ||
| 007 | ta | ||
| 008 | 200820b2020 tu |||gr||||#0|||0|tur | | ||
| 020 | _a9786057822390 | ||
| 040 |
_aTR-BiSEU _btur _cTR-BiSEU _erda |
||
| 041 | 0 | _atur | |
| 044 | _ctu | ||
| 050 |
_aJX1391 _b.K68 2020 |
||
| 245 | 0 |
_aKovid-19 salgın ve sonrası uluslararası siyasette süreklilik ve değişimler/ _cHazırlayan Bayram Ali Soner. |
|
| 264 | 1 |
_aAnkara : _bPolis Akademisi _c2020 |
|
| 300 |
_a77 sayfa ; _c24 cm. |
||
| 336 |
_ametin _btxt _2rdacontent |
||
| 337 |
_aaracısız _bn _2rdamedia |
||
| 338 |
_acilt _bnc _2rdacarrier |
||
| 490 | 1 |
_aPolis Akademisi Yayınları ; _v92. |
|
| 490 | 1 | _a Rapor No. | |
| 490 | 1 |
_a ; _v37 |
|
| 500 | _aKaynakça var. | ||
| 650 | 0 |
_aKovid-19. _9123461 |
|
| 650 | 0 |
_aUluslararası Siyaset. _9123462 |
|
| 650 | 0 |
_aUluslararası İlişkiler. _910529 |
|
| 650 | 0 |
_aCovid-19. _9123463 |
|
| 650 | 0 |
_aInternational relations. _97042 |
|
| 650 | 0 |
_aInternational Politics. _9123464 |
|
| 830 | 1 |
_aPolis Akademisi Yayınları ; _v92. _955619 |
|
| 830 | 1 |
_a Rapor No. _9123415 |
|
| 830 | 1 |
_a ; _v37 _91620 |
|
| 907 | _aSiyasal Bilimler | ||
| 942 |
_2lcc _cBK |
||
| 999 |
_c66123 _d66123 |
||